[Event "York ChessMates 12th"]
[Site "York"]
[Date "2025.03.22"]
[Round "4.30"]
[White "Pervent, Louis"]
[Black "Andhurthi, Sreeyan"]
[Result "1/2-1/2"]
[WhiteElo "1576"]
[BlackElo "1631"]
[PlyCount "66"]
[EventDate "2025.03.21"]
[EventType "team-swiss"]
[EventRounds "5"]
[EventCountry "ENG"]
[SourceTitle "CB13_2025"]
[SourceDate "2025.03.26"]
[SourceVersion "1"]
[SourceVersionDate "2025.03.26"]
[SourceQuality "1"]
[WhiteTeam "Monaco"]
[BlackTeam "Ireland"]
[WhiteTeamCountry "MNC"]
[BlackTeamCountry "IRL"]

1. e4 c5 2. c3 Nf6 3. f3 d5 4. exd5 Nxd5 5. d4 cxd4 6. cxd4 Nc6 7. Bc4 Bf5 8. Qb3 Nxd4 9. Bb5+ Nxb5 10. Qxb5+ Qd7 11. Qxd7+ Kxd7 12. Ne2 e6 13. 0-0 Bc5+ 14. Kh1 Rhd8 15. Nbc3 Nxc3 16. Nxc3 Ke7 17. Bf4 Rd7 18. h3 Rc8 19. Rac1 Rc6 20. a3 a6 21. Be5 f6 22. Bg3 Rd2 23. Na4 Bd6 24. Bxd6+ Rdxd6 25. Rxc6 Rxc6 26. Rf2 e5 27. Nc3 Be6 28. Re2 Kf7 29. Rd2 Ke7 30. Kg1 Rd6 31. Rc2 Bb3 32. Rf2 Ke6 33. g4 Ke7 1/2-1/2